000 00585nam a22001937a 4500
003 PILC
005 20151008122724.0
008 130221t xxu||||| |||| 00| 0 eng d
020 _a9719192437
050 _aRT 41
_b.N974 2004
245 _aNursing practice in the community /
_cedited by; Araceli S. Maglaya
250 _a4th edition.
260 _aMarikina City :
_b Argonauta Corp.,
_c2004.
300 _a450 pages :
_c25 cm.
_billustrations ;
500 _aIncludes bibliographical references and appendix.
650 _aNursing.
942 _2lcc
_cBK
_kLOC
999 _c13888
_d13888